Liverpool FC - Les joueurs à plus de 100 matchs - Statistiques

Statistiques générales
  • Ce quiz a été pris 1 481 fois
    1 019 depuis la dernière actualisation
  • Le résultat moyen est 19 sur 37
Statistiques - réponses
Joueurs Matchs % Correct
A Mohamed Salah 305
97%
G Alisson 241
92%
A Sadio Mané 269
92%
D Virgil Van Dijk 222
92%
M Steven Gerrard 710
91%
A Roberto Firmino 362
86%
D Andrew Robertson 268
85%
D Trent Alexander Arnold 273
81%
M Jordan Henderson 490
79%
M James Milner 330
68%
D Joel Matip 184
68%
A Luis Suarez 133
65%
M Fabinho 218
63%
M Philippe Coutinho 201
56%
M Georginio Wijnaldum 237
55%
D Joe Gomez 174
55%
D Jamie Carragher 737
54%
A Divock Origi 175
50%
A Daniel Sturridge 160
49%
G Simon Mignolet 204
47%
A Raheem Sterling 129
46%
D Dejan Lovren 185
45%
G Pepe Reina 394
44%
A Diogo Jota 111
40%
D Martin Skrtel 320
37%
M Naby Keita 126
34%
M Adam Lallana 178
31%
M Alex Oxlade-Chamberlain 146
30%
D Nathaniel Clyne 103
30%
D Alberto Moreno 141
28%
A Dirk Kuyt 285
28%
M Lucas Leiva 346
25%
M Emre Can 167
23%
D Daniel Agger 232
19%
D Glen Johnson 200
17%
M Joe Allen 132
15%
D Fabio Aurelio 134
4%
Aucun quiz correspondant
Distribution des résultats
% des personnes avec chaque résultat
Percentile par nombre de réponses
Votre historique - résultats
Vous n’avez pas pris ce quiz depuis la dernière actualisation